00000000nam##2200000za#4500
0019.617375
003CaOODSP
00520210615102134
007ta
008150406|2004||||xxc|||||     f|0| 0 eng|d
022 |a0706-6457
040 |aCaOODSP|beng
043 |an-cn---
0861 |aFs97-6/2555E
1101 |aCanada. |bDepartment of Fisheries and Oceans.
24510|aCardiac output in fish : |bmeasurement techniques and applications / |cby E.D. Linton, D.A. Scruton and R.S. McKinley.
260 |aSt. John's - Newfoundland and Labrador : |bFisheries and Oceans Canada |c2004.
300 |aiv, 28p. ; |c28 cm.
4901 |aCanadian technical report of fisheries and aquatic sciences|x0706-6457|v2555
500 |a"Fisheries and Oceans Canada, Science Branch, P.O. Box 5667, St. John's, NL, A1C 5X1".
5203 |aThis report is part of a series containing scientific and technical information that widens existing scientific knowledge but is not considered appropriate for publication in the primary literature. The research covers such subjects as ecosystem models, methods for enhancing aquaculture, commercial fishing equipment, and environmental threats to aquatic quality and fisheries resources. Includes tables, graphs, and charts.
546 |a(Résumé en français.)
563 |aSpiral binding
590 |a05-22|b2005-06-03
7201 |aLinton, E.D.
7201 |aScruton, D.A.
7201 |aMcKinley, R.S.
7760#|tCardiac output in fish : |w(CaOODSP)9.574139
830#0|aCanadian technical report of fisheries and aquatic sciences,|x0706-6457|v2555|w(CaOODSP)9.514691